| 000 | 00404nam a2200157Ia 4500 | ||
|---|---|---|---|
| 005 | 20260417150919.0 | ||
| 008 | 260417s9999||||xx |||||||||||||| ||und|| | ||
| 020 | _a9781447326847 | ||
| 041 | _aeng | ||
| 100 | _aLodge/Carnell/Coleman | ||
| 245 | 0 | _aNew age of ageing | |
| 260 |
_bCambridge, Cambridge, _c2023 |
||
| 650 | _aMedia & Communication | ||
| 856 | _u10.46692/9781447326847 | ||
| 942 | _cE-BOOK | ||
| 999 |
_c50671 _d50671 |
||